000 00296 a2200121 4500
000 nam a22 7a 4500
005 20260207130850.0
020 _a9788174531445
100 _aPremlata Paliwal
_91114347
245 _aDasamahavidya Mimansa
260 _bSanjay Prakashan
_c2024
942 _cTEXL
999 _c1678891
_d1678891